Antología de la poesía hispanoamericana actual /

Furkejuvvon:
Bibliográfalaš dieđut
Váldodahkki: Moro, César (autor)
Eará dahkkit: Lezama Lima, José (autor) (autor), Pasos, Joaquín, Ortega, Julio (selec. y pról.) (selec. y pról.)
Materiálatiipa: Girji
Giella:espánnjágiella
Ráidu:(La Creación Literaria)
Fáttát:
Fáddágilkorat: Lasit fáddágilkoriid
Eai fáddágilkorat, Lasit vuosttaš fáddágilkora!

MARC

LEADER 00000nam^a2200000^a^4500
001 000069223
005 20250521000000.0
009 20260310091357.582
020 |a 968-23-1403-8 
037 |a Acervo ITESO - Biblioteca 
041 |a ESP 
082 |a 861.  |b MOR 
100 |a Moro, César  |e (autor) 
245 1 0 |a Antología de la poesía hispanoamericana actual /  |c C. Moro, J. Lezama Lima, J. Pasos ; selec. y pról. de J. Ortega. 
264 |a México :  |b Siglo XXI,  |c 1987 
300 |a 505 p. 
336 |a texto  |b txt  |2 rdacontenido 
337 |a sin mediación  |b n  |2 rdamedio 
338 |a volumen  |b nc  |2 rdasoporte 
440 3 |a (La Creación Literaria) 
649 |a XX 
650 |a Poesía Latinoamericana 
650 |a Literatura Latinoamericana -  |y Siglo XX 
700 |a Lezama Lima, José  |e (autor) 
700 |a Pasos, Joaquín 
700 |a Ortega, Julio  |e (selec. y pról.) 
910 |a Fondo Armando Suárez Gómez 
920 |a Impresos - Libros 
930 |a Fondos Especiales 
940 |a Literatura 
905 |a 111 
901 |a 0700005788  |b IT2  |c ESP  |u 20250521 
902 |a https://opac.biblio.iteso.mx/vufind/Record/000069223